000 01253nam a2200301Ia 4500
001 88960
003 IT-RoPAU
008 130308s9999 xx 000 0 und d
040 _aIT-RoPAU
040 _cIT-RoPAU
041 _aFRANCESE
100 _aBrismee Jean
100 _gCodice Aut. SPICS: 31902
245 _aLumiere et son dans les techniques cinematographiques
245 _bLumiere et Son Dans Les Techniques Cinematographiques
250 _a2a ed.
260 _aBRUXELLES
260 _bMpc
260 _c1989 [1° Ed.:1987 - Ed.Ling.Originale:1987]
300 _a"324 p. (prefazione: no ; testo: 324 [pagine: 0-0])"
500 _aLuce e Suono nelle Tecniche Cinematografiche precursori da Robertson a Louis Lumiere Analisi del Movimento Storia della copia Standard Luce Fotometria e Termocolorimetria Unità Fotometriche Filtri Illuminazione pellicola Cinematografica colore Percezione dei Colori sistemi di rappresentazione dei Colori formati Principi di Sensitometria Tecniche di Laboratorio Suono Acustica registrazione Microfoni e Magnetofoni Sincronizzazione Suono Immagine
650 _aTECNICA CINEMATOGRAFICA
650 _eCodice materia Spics: 6802
942 _cBK
957 _71
999 _c70890
_d70890
999 _bSI
999 _g1